| 000 | 00681nam a2200157 a 4500 | ||
|---|---|---|---|
| 001 | 000035157 | ||
| 005 | 20200930074136.0 | ||
| 008 | 111025s1908 sp 000 0 spa d | ||
| 100 | 1 |
_aCalleja, Rafael _960877 |
|
| 245 | 1 | 3 |
_aLa bella Molinete : _bjuguete cómico lírico en un acto / _hMúsica impresa] _cRafael Calleja ; letra de Ventura de la Vega ; música del maestro Calleja. |
| 260 |
_aMadrid : _bSociedad de Autotores Esapañoles, _c1908. |
||
| 300 |
_a36 p. ; _c22 cm. |
||
| 533 |
_aLa bella Molinete : juguete cómico lírico en un acto _bMadrid (imp. de los Hijos de M. G. Hernández) _c1908 |
||
| 700 | 1 |
_aVega, Ventura de la, _d(1807-1865.) _emus. _960878 |
|
| 999 |
_c34648 _d34648 |
||
| 040 | _aDO-SdBNP | ||